000 00290nam a22001337a 4500
008 190205b xxu||||| |||| 00| 0 eng d
020 _a9780131421189
041 _aeng
080 _23rd
_a510
100 _a36
101 _aMAT
245 _aCollege Algebra
_cSobel,M.A
942 _2udc
_cBK
999 _c54032
_d54032